[Event "St Louis Spring A"]
[Site "Saint Louis USA"]
[Date "2022.03.06"]
[Round "5.1"]
[White "Lenderman, Aleksandr"]
[Black "Sevian, Samuel"]
[Result "0-1"]
[WhiteTitle "GM"]
[BlackTitle "GM"]
[WhiteElo "2600"]
[BlackElo "2684"]
[WhiteFideId "2021285"]
[BlackFideId "2040506"]
[EventDate "2022.03.02"]

1. e4 e5 2. Nf3 Nc6 3. Bc4 Bc5 4. c3 Nf6 5. d3 d6 6. O-O a6 7. a4 Ba7 8. Re1 Ng4
9. Re2 Qf6 10. Nbd2 g5 11. d4 Rg8 12. b4 Nd8 13. Nf1 Ne6 14. Ne3 Nf4 15. Rd2
Nxe3 16. fxe3 g4 17. Ng5 Nh3+ 18. Nxh3 gxh3 19. Raa2 Qh6 20. Rf2 Be6 21. Bxe6
fxe6 22. g3 O-O-O 23. Qf1 Rdf8 24. b5 a5 25. Rae2 Kb8 26. Bd2 Bb6 27. Bc1 Ka7
28. Bd2 Kb8 29. Bc1 Ka7 30. Bd2 Qh5 31. Bc1 Qg4 32. Ra2 Rxf2 33. Rxf2 h5 34. Qe2
Qg6 35. Qf3 h4 36. Bd2 exd4 37. cxd4 e5 38. Kh1 exd4 39. exd4 hxg3 40. hxg3 Qxg3 0-1

[Event "St Louis Spring A"]
[Site "Saint Louis USA"]
[Date "2022.03.06"]
[Round "5.2"]
[White "Dragun, Kamil"]
[Black "Niemann, Hans Moke"]
[Result "1-0"]
[WhiteTitle "GM"]
[BlackTitle "GM"]
[WhiteElo "2590"]
[BlackElo "2642"]
[WhiteFideId "1134167"]
[BlackFideId "2093596"]
[EventDate "2022.03.02"]

1. e4 e5 2. Nf3 Nc6 3. Nc3 Nf6 4. d4 exd4 5. Nxd4 Bb4 6. Nxc6 bxc6 7. Bd3 O-O 8.
O-O d5 9. exd5 cxd5 10. h3 Rb8 11. Qf3 Rb6 12. Bf4 Bb7 13. Rad1 Re8 14. Qg3 Nh5
15. Bxc7 Nxg3 16. Bxd8 Rxd8 17. fxg3 Bd6 18. Na4 Rb4 19. b3 Bxg3 20. c4 Bc7 21.
Nc3 g6 22. Be2 d4 23. Na4 Re8 24. Bf3 Bf4 25. Nc5 Be3+ 26. Kh2 Bxf3 27. Rxf3 f5
28. g4 Rb6 29. gxf5 Rf6 30. Rdf1 Bh6 31. Ne6 gxf5 32. Nxd4 f4 33. R1f2 Bf8 34.
Re2 Rxe2+ 35. Nxe2 Bd6 36. Kg2 Rg6+ 37. Kf2 Rf6 38. Rd3 Kf7 39. Kf3 Ke6 40. Rd5
Bc7 41. Nd4+ Ke7 42. Rh5 Rf7 43. b4 Kd7 44. Rd5+ Kc8 45. Ne6 Rf6 46. Nxc7 Kxc7
47. Rh5 h6 48. a4 a6 49. Rh4 Rd6 50. Rxf4 Rd3+ 51. Kg4 Ra3 52. a5 Rb3 53. c5 h5+
54. Kh4 Kb7 55. Rf7+ Kb8 56. Rf6 Rxb4+ 57. Kxh5 Rb5 58. Rxa6 Rxc5+ 59. Kg6 Rc4
60. Rf6 Rh4 61. Rf3 Rh8 62. Kg5 Rg8+ 63. Kf4 Rh8 64. Kg3 Rg8+ 65. Kh2 Rh8 66.
Rf5 Kc7 67. Kg3 Rg8+ 68. Kf4 Rh8 69. Kg4 Rg8+ 70. Rg5 Rd8 71. Rg7+ Kb8 72. h4
Rd4+ 73. Kg5 Rd5+ 74. Kg6 Rxa5 75. h5 Ra6+ 76. Kf7 Rh6 77. Rg5 Rc6 78. Rg6 Rc7+
79. Kg8 Rc8+ 80. Kg7 Rc7+ 81. Kh8 Rc5 82. h6 Kc7 1-0

[Event "St Louis Spring A"]
[Site "Saint Louis USA"]
[Date "2022.03.06"]
[Round "5.3"]
[White "Xiong, Jeffery"]
[Black "Nyzhnyk, Illya"]
[Result "0-1"]
[WhiteTitle "GM"]
[BlackTitle "GM"]
[WhiteElo "2686"]
[BlackElo "2674"]
[WhiteFideId "2047640"]
[BlackFideId "14118084"]
[EventDate "2022.03.02"]

1. e4 c5 2. Nf3 d6 3. d4 cxd4 4. Nxd4 Nf6 5. Nc3 a6 6. Be3 e5 7. Nb3 Be6 8. f3
h5 9. Qd2 Nbd7 10. O-O-O Qc7 11. Kb1 Rc8 12. g3 Be7 13. h4 b5 14. Nd5 Nxd5 15.
exd5 Bf5 16. Bd3 Bxd3 17. Qxd3 O-O 18. Rhe1 g6 19. f4 exf4 20. gxf4 Qc4 21. Qd2
Bxh4 22. Rf1 Rfe8 23. f5 Bf6 24. Rf4 Qxc2+ 25. Qxc2 Rxc2 26. Kxc2 Rxe3 27. fxg6
fxg6 28. Nd2 Kg7 29. Rdf1 Re2 30. Kd1 Re7 31. Ne4 Be5 32. R4f3 Nb6 33. Ra3 Bxb2
34. Rxa6 Nxd5 0-1

[Event "St Louis Spring A"]
[Site "Saint Louis USA"]
[Date "2022.03.06"]
[Round "5.4"]
[White "Antipov, Mikhail Al."]
[Black "Robson, Ray"]
[Result "0-1"]
[WhiteTitle "GM"]
[BlackTitle "GM"]
[WhiteElo "2615"]
[BlackElo "2676"]
[WhiteFideId "4107012"]
[BlackFideId "2023970"]
[EventDate "2022.03.02"]

1. e4 e5 2. Nf3 Nc6 3. Bc4 Nf6 4. d3 Bc5 5. O-O d6 6. c3 O-O 7. Re1 a6 8. a4 Ba7
9. h3 b5 10. Bb3 b4 11. Nbd2 Rb8 12. a5 Be6 13. Bc4 Qc8 14. Ng5 Bxc4 15. Nxc4 h6
16. Nf3 Qe6 17. Be3 Bxe3 18. Nxe3 bxc3 19. bxc3 Rb5 20. c4 Rxa5 21. Nd5 Rxa1 22.
Qxa1 Qc8 23. Qa4 Nxd5 24. cxd5 Ne7 25. d4 exd4 26. Nxd4 Qb7 27. Rc1 Qb6 28. Qc4
a5 29. Qxc7 Nxd5 30. exd5 Qxd4 31. Qxa5 g6 32. Qb5 Ra8 33. Qb3 Kg7 34. g3 Ra5
35. Rd1 Ra3 36. Rxd4 Rxb3 37. h4 g5 38. hxg5 hxg5 39. Kg2 Kf6 40. f3 Ke5 41.
Re4+ Kxd5 42. g4 Rb6 43. Kf2 Kc5 44. Re7 f6 45. f4 Rb2+ 46. Kf3 Rb3+ 47. Kf2
gxf4 48. Re4 Re3 49. Rxf4 Re6 50. Ra4 d5 51. Ra8 d4 52. Rd8 Kc4 53. Kf3 d3 54.
Kf4 Kc3 55. Kf5 Rc6 56. g5 0-1

[Event "St Louis Spring A"]
[Site "Saint Louis USA"]
[Date "2022.03.06"]
[Round "5.5"]
[White "Swiercz, Dariusz"]
[Black "Hakobyan, Aram"]
[Result "1/2-1/2"]
[WhiteTitle "GM"]
[BlackTitle "GM"]
[WhiteElo "2656"]
[BlackElo "2601"]
[WhiteFideId "1126881"]
[BlackFideId "13306677"]
[EventDate "2022.03.02"]

1. e4 e5 2. Nf3 Nc6 3. Bb5 a6 4. Ba4 Nf6 5. O-O Nxe4 6. d4 b5 7. Bb3 d5 8. dxe5
Be6 9. Nbd2 Nc5 10. c3 d4 11. Bxe6 Nxe6 12. cxd4 Ncxd4 13. a4 Bb4 14. axb5 Nxb5
15. Nc4 O-O 16. Be3 c5 17. Qc2 a5 18. Rfd1 Nbd4 19. Qe4 Qc7 20. Nd6 Rad8 21.
Bxd4 cxd4 22. Nxd4 Nxd4 23. Qxd4 Rd7 24. Rac1 Qb8 25. h4 Rfd8 26. Rc6 h6 27. Qd5
a4 28. Qc4 Bxd6 29. Rcxd6 Rxd6 30. exd6 Qxb2 31. Qxa4 Qf6 32. d7 Qe7 33. g3 Kf8
34. Qd4 Kg8 35. Qd5 Kf8 36. Qc6 Kg8 37. Qc7 Kf8 38. Qc6 Kg8 39. Kg2 Kf8 40. Rd6
Kg8 41. Qd5 Kf8 42. Qd4 Kg8 43. h5 Kh7 44. Qd3+ Kg8 45. Rd5 Qe6 46. Qd4 Qe7 47.
g4 Kh7 48. Kf1 Kg8 49. Rd6 Kh7 50. Kg2 Kg8 51. Kf3 Qe1 52. Rd5 Qe7 53. Kg3 Kh7
54. Qd2 Kg8 55. f3 Kf8 56. Kg2 Kg8 57. Rd4 Kf8 58. f4 Kg8 59. f5 Kh7 60. Qd3 f6
61. Kf2 Qe5 62. Kf3 Qh2 63. Qd1 Qh3+ 64. Kf2 Qh2+ 65. Kf3 Qh3+ 66. Ke4 Qg2+ 67.
Kd3 Qg3+ 68. Ke2 Qg2+ 69. Ke3 Qg3+ 70. Ke2 Qg2+ 71. Ke3 1/2-1/2

[Event "St Louis Spring A"]
[Site "Saint Louis USA"]
[Date "2022.03.07"]
[Round "6.1"]
[White "Sevian, Samuel"]
[Black "Hakobyan, Aram"]
[Result "1-0"]
[WhiteTitle "GM"]
[BlackTitle "GM"]
[WhiteElo "2684"]
[BlackElo "2601"]
[WhiteFideId "2040506"]
[BlackFideId "13306677"]
[EventDate "2022.03.02"]

1. e4 c5 2. Nf3 d6 3. d4 cxd4 4. Nxd4 Nf6 5. Nc3 a6 6. Be2 e5 7. Nb3 Be7 8. O-O
O-O 9. Re1 Be6 10. Bf3 Qc7 11. a4 Nbd7 12. Be3 h6 13. a5 Rfc8 14. h3 Rab8 15.
Ba7 Ra8 16. Be3 Rab8 17. Nd2 Bf8 18. Nf1 b5 19. axb6 Nxb6 20. Rxa6 Nc4 21. Ra7
Qd8 22. b3 Nxe3 23. Rxe3 d5 24. exd5 Bc5 25. Ra6 Bxe3 26. Nxe3 Rxc3 27. dxe6
Qxd1+ 28. Bxd1 fxe6 29. Rxe6 e4 30. Be2 Rc5 31. Bc4 Kf8 32. Ra6 Rc7 33. g4 Rd7
34. Kg2 Rdd8 35. Ra5 g6 36. Nd5 Nxd5 37. Bxd5 Re8 38. Ra7 Rbd8 39. Rf7+ Kg8 40.
Rd7+ Kf8 41. Rxd8 Rxd8 42. Bxe4 g5 43. h4 Ke7 44. hxg5 hxg5 45. f4 Kf6 46. Kf3
Rd1 47. Bd3 Re1 48. b4 Rb1 49. b5 Re1 50. c4 Rd1 51. fxg5+ Kxg5 52. Ke4 Re1+ 53.
Kd5 Kxg4 54. b6 1-0

[Event "St Louis Spring A"]
[Site "Saint Louis USA"]
[Date "2022.03.07"]
[Round "6.2"]
[White "Robson, Ray"]
[Black "Swiercz, Dariusz"]
[Result "1/2-1/2"]
[WhiteTitle "GM"]
[BlackTitle "GM"]
[WhiteElo "2676"]
[BlackElo "2656"]
[WhiteFideId "2023970"]
[BlackFideId "1126881"]
[EventDate "2022.03.02"]

1. d4 Nf6 2. c4 e6 3. Nf3 d5 4. Nc3 Bb4 5. Qa4+ Nc6 6. e3 O-O 7. Qc2 b6 8. Bd2
Bb7 9. cxd5 exd5 10. a3 Bd6 11. Bd3 a6 12. O-O Ne7 13. b4 Ng6 14. b5 a5 15. a4
Re8 16. Bc1 Ne4 17. Ba3 Rc8 18. Rfc1 Nh4 19. Nxh4 Qxh4 20. g3 Qg5 21. Nxe4 dxe4
22. Bf1 Qf5 23. Qb2 h5 24. Rc3 h4 25. Rac1 g6 26. Qe2 Kg7 27. Qb2 Bd5 28. Bxd6
cxd6 29. Rxc8 Rxc8 30. Rxc8 Qxc8 31. Qa3 Qc7 32. gxh4 Kf8 33. Be2 Ke7 34. Qb2
Qc8 35. Kg2 Qf5 36. Qc3 Kd8 37. h3 Qf6 38. Bg4 Bb7 39. Kg3 Qe7 40. Qc4 d5 41.
Qc3 f5 42. Bd1 Qd6+ 43. Kg2 Qe7 44. Kg3 Qd6+ 45. f4 exf3+ 46. Kxf3 Qh2 47. Qe1
Qxh3+ 48. Ke2 Qg2+ 49. Kd3 Bc8 50. Kc3 1/2-1/2

[Event "St Louis Spring A"]
[Site "Saint Louis USA"]
[Date "2022.03.07"]
[Round "6.3"]
[White "Nyzhnyk, Illya"]
[Black "Antipov, Mikhail Al."]
[Result "1/2-1/2"]
[WhiteTitle "GM"]
[BlackTitle "GM"]
[WhiteElo "2674"]
[BlackElo "2615"]
[WhiteFideId "14118084"]
[BlackFideId "4107012"]
[EventDate "2022.03.02"]

1. Nf3 Nf6 2. c4 c5 3. Nc3 e6 4. d4 cxd4 5. Nxd4 a6 6. e4 Qc7 7. a3 b6 8. Be3
Bb7 9. f3 Be7 10. Be2 d6 11. O-O Nbd7 12. Rc1 O-O 13. Qd2 Rac8 14. b4 Qb8 15.
Rfd1 Rfe8 16. Bf1 Bd8 17. Nb3 Bc7 18. Bf4 Ne5 19. Bxe5 dxe5 20. Qe3 Red8 21. a4
Bc6 22. Kh1 Be8 23. c5 Rxd1 24. Rxd1 Qa7 25. Qe2 Ra8 26. Ra1 bxc5 27. Nxc5 Bb6
28. Nxa6 Rc8 29. Nc5 Bxc5 30. bxc5 Qxc5 31. Nb5 Qb4 32. a5 Rb8 33. Qe1 Qxe1 34.
Rxe1 Bxb5 35. Rb1 Ne8 36. Rxb5 Rxb5 37. Bxb5 Nc7 38. Bd3 Kf8 39. f4 exf4 40. e5
Ke7 41. Kg1 h6 42. Kf2 Kd7 43. Kf3 Kc6 44. Kxf4 Kc5 45. Bh7 Nd5+ 46. Kf3 Ne7 47.
a6 Kb6 48. Bd3 Nc6 49. Kf4 Nb4 50. Bh7 Nxa6 51. Bg8 Kc5 52. Bxf7 Kd5 53. Kg4 Nc5
54. Kh5 Nd3 55. Bxe6+ Kxe6 56. Kg6 Nf4+ 1/2-1/2

[Event "St Louis Spring A"]
[Site "Saint Louis USA"]
[Date "2022.03.07"]
[Round "6.4"]
[White "Niemann, Hans Moke"]
[Black "Xiong, Jeffery"]
[Result "1/2-1/2"]
[WhiteTitle "GM"]
[BlackTitle "GM"]
[WhiteElo "2642"]
[BlackElo "2686"]
[WhiteFideId "2093596"]
[BlackFideId "2047640"]
[EventDate "2022.03.02"]

1. e4 c5 2. Nf3 d6 3. Bb5+ Nc6 4. O-O Bd7 5. Re1 Nf6 6. c3 a6 7. Bf1 Bg4 8. d4
Bxf3 9. gxf3 cxd4 10. cxd4 d5 11. e5 Nh5 12. e6 fxe6 13. Bh3 g6 14. Nc3 Ng7 15.
Na4 e5 16. Nc5 e6 17. Nxe6 Nxe6 18. Bxe6 Bb4 19. Rxe5 Nxe5 20. dxe5 Qe7 21. Qxd5
Rd8 22. Qb3 Bd2 23. Bxd2 Rxd2 24. Rc1 Rd3 25. Qc4 Rd4 26. Qxd4 Qg5+ 27. Bg4
Qxc1+ 28. Kg2 Qc7 29. f4 Rf8 30. h4 Qd8 31. Qa4+ b5 32. Qxa6 Rxf4 33. Qxb5+ Kf8
34. Qc5+ Qe7 35. Qxe7+ Kxe7 36. Kg3 Rd4 37. f4 Rd2 38. Bf3 Rxb2 39. Bd5 Rd2 40.
Bb3 h5 41. Bc4 Rc2 42. Bd5 Rc3+ 43. Kg2 Rc2+ 44. Kf3 Rc3+ 45. Kg2 1/2-1/2

[Event "St Louis Spring A"]
[Site "Saint Louis USA"]
[Date "2022.03.07"]
[Round "6.5"]
[White "Lenderman, Aleksandr"]
[Black "Dragun, Kamil"]
[Result "1-0"]
[WhiteTitle "GM"]
[BlackTitle "GM"]
[WhiteElo "2600"]
[BlackElo "2590"]
[WhiteFideId "2021285"]
[BlackFideId "1134167"]
[EventDate "2022.03.02"]

1. Nf3 d5 2. e3 Nf6 3. c4 e6 4. Nc3 Be7 5. b3 O-O 6. Bb2 b6 7. cxd5 exd5 8. d4
Bb7 9. Bd3 Nbd7 10. O-O a6 11. Ne2 Re8 12. Ng3 Bd6 13. Nf5 Bf8 14. Ne5 g6 15.
Ng3 Ne4 16. Qc2 Nxg3 17. hxg3 Nxe5 18. dxe5 Bg7 19. f4 c5 20. Qf2 Rc8 21. Rad1
Rc7 22. g4 Qe7 23. g5 c4 24. Bc2 c3 25. Bc1 b5 26. Qg3 Bc8 27. Rxd5 b4 28. e4
Rd7 29. Rfd1 Red8 30. Be3 Bb7 31. Bc5 Rxd5 32. Rxd5 Qc7 33. Rxd8+ Qxd8 34. Qd3
Qxd3 35. Bxd3 a5 36. Bb6 h6 37. Bxa5 Bf8 38. gxh6 Bc5+ 39. Kh2 Kh7 40. Bc7 Ba6
41. Bc2 Kxh6 42. Bd6 Be3 43. g3 g5 44. f5 1-0

[Event "St Louis Spring A"]
[Site "Saint Louis USA"]
[Date "2022.03.08"]
[Round "7.1"]
[White "Dragun, Kamil"]
[Black "Sevian, Samuel"]
[Result "1/2-1/2"]
[WhiteTitle "GM"]
[BlackTitle "GM"]
[WhiteElo "2590"]
[BlackElo "2684"]
[WhiteFideId "1134167"]
[BlackFideId "2040506"]
[EventDate "2022.03.02"]

1. Nf3 d5 2. d4 Nf6 3. c4 e6 4. g3 dxc4 5. Bg2 a6 6. O-O Nc6 7. e3 Rb8 8. Nfd2
e5 9. Bxc6+ bxc6 10. dxe5 Ng4 11. Nxc4 Be6 12. Nbd2 Bb4 13. b3 Bc3 14. Rb1 Bxd2
15. Nxd2 h5 16. Nf3 Bd5 17. e6 fxe6 18. Qc2 O-O 19. Nh4 c5 20. f3 Ne5 21. e4 Ba8
22. Qxc5 Rb5 23. Qe3 g5 24. a4 gxh4 25. axb5 Nxf3+ 26. Kh1 Rf5 27. Bb2 Ng5 28.
Rxf5 Bxe4+ 29. Kg1 Nh3+ 30. Kf1 Bxf5 31. Ke1 Qd5 32. Rc1 axb5 33. gxh4 Qh1+ 34.
Kd2 Qxh2+ 35. Kc3 Nf4 36. Qg1+ Qxg1 37. Rxg1+ Bg4 38. Kd2 Ng6 39. Rc1 Nxh4 40.
Rxc7 Bf3 41. Rc5 b4 42. Rc4 Ng6 43. Ke3 Bd5 44. Rxb4 Kf7 45. Rb8 h4 46. Kf2 e5
47. b4 Ke7 48. Bc1 h3 49. Kg3 Bg2 50. b5 Nf4 51. Ba3+ Kd7 52. Rh8 Be4 53. Rh6
Bd3 54. b6 Be4 55. Bd6 Nd3 56. Kxh3 Kc8 57. Kg3 Kb7 58. Bc7 Bc6 59. Rh7 Nc5 60.
Bd8+ Nd7 61. Rh2 Kc8 62. Rc2 Kb7 63. Ra2 Kc8 64. Bc7 Bh1 65. Ra1 Be4 66. Kf2 Bc6
67. Ke3 Nf6 68. Bxe5 Nd5+ 69. Kd4 Nxb6 70. Kc5 Nd7+ 71. Kxc6 Nxe5+ 72. Kd6 Nd7
73. Ra7 Nb8 74. Ra2 Nd7 75. Ra1 Nb8 76. Rh1 Kb7 77. Rb1+ Kc8 78. Rb3 Nd7 79.
Rc3+ Kd8 80. Rc1 Nf8 81. Re1 Nd7 82. Ra1 Kc8 83. Rb1 Nb8 84. Rc1+ Kb7 85. Rc2
Na6 86. Rb2+ Kc8 87. Rb5 Nb8 88. Ra5 Kb7 89. Ra2 Na6 90. Rb2+ Kc8 91. Rb3 Nb8
92. Rb6 Nd7 93. Rc6+ Kd8 94. Rc7 Nf8 95. Re7 Ng6 96. Rf7 Ke8 97. Rf6 Nf8 98.
Rxf8+ Kxf8 1/2-1/2

[Event "St Louis Spring A"]
[Site "Saint Louis USA"]
[Date "2022.03.08"]
[Round "7.2"]
[White "Xiong, Jeffery"]
[Black "Lenderman, Aleksandr"]
[Result "1/2-1/2"]
[WhiteTitle "GM"]
[BlackTitle "GM"]
[WhiteElo "2686"]
[BlackElo "2600"]
[WhiteFideId "2047640"]
[BlackFideId "2021285"]
[EventDate "2022.03.02"]

1. e4 c5 2. Nf3 Nc6 3. Nc3 e5 4. Bc4 d6 5. d3 Be7 6. a4 Nf6 7. Bg5 Nd7 8. Bxe7
Qxe7 9. Nd2 O-O 10. Nf1 Qg5 11. Ne3 Nf6 12. Qd2 Nd4 13. Nb5 Rd8 14. c3 Nxb5 15.
axb5 Be6 16. f3 Qg6 17. O-O d5 18. exd5 Nxd5 19. Nxd5 Bxd5 20. Qe3 Qd6 21. f4
exf4 22. Qxf4 b6 23. Qxd6 Rxd6 24. Ra6 g6 25. b3 Bxc4 26. dxc4 Rd2 27. Rf2 Rd1+
28. Rf1 Rd2 29. Rf2 Rd1+ 30. Rf1 Rd2 1/2-1/2

[Event "St Louis Spring A"]
[Site "Saint Louis USA"]
[Date "2022.03.08"]
[Round "7.3"]
[White "Antipov, Mikhail Al."]
[Black "Niemann, Hans Moke"]
[Result "0-1"]
[WhiteTitle "GM"]
[BlackTitle "GM"]
[WhiteElo "2615"]
[BlackElo "2642"]
[WhiteFideId "4107012"]
[BlackFideId "2093596"]
[EventDate "2022.03.02"]

1. e4 e5 2. Nf3 Nc6 3. Bc4 Nf6 4. d3 Bc5 5. O-O O-O 6. Nbd2 d6 7. c3 a5 8. h3 h6
9. Re1 Be6 10. Bb5 Nd7 11. Ba4 Re8 12. Nf1 d5 13. exd5 Bxd5 14. Ne3 Bxe3 15.
Bxe3 f5 16. Bb3 Nf6 17. d4 e4 18. Ne5 Bxb3 19. Qxb3+ Qd5 20. Nd7 Qxb3 21. Nxf6+
Kf7 22. axb3 Kxf6 23. Bf4 Re7 24. b4 g5 25. Bd2 Ree8 26. b5 Ne7 27. c4 b6 28. f3
exf3 29. gxf3 f4 30. d5 Nf5 31. c5 Nd4 32. Rxe8 Rxe8 33. Bc3 bxc5 34. Rxa5 Ke5
35. Ra6 h5 36. Rh6 h4 37. Rg6 Kxd5 38. Rxg5+ Kc4 39. Rg4 Kd3 40. Kf1 Ke3 41. Rg2
Kxf3 42. Rf2+ Kg3 43. Rg2+ Kxh3 44. Rg5 Nf3 0-1

[Event "St Louis Spring A"]
[Site "Saint Louis USA"]
[Date "2022.03.08"]
[Round "7.4"]
[White "Swiercz, Dariusz"]
[Black "Nyzhnyk, Illya"]
[Result "1/2-1/2"]
[WhiteTitle "GM"]
[BlackTitle "GM"]
[WhiteElo "2656"]
[BlackElo "2674"]
[WhiteFideId "1126881"]
[BlackFideId "14118084"]
[EventDate "2022.03.02"]

1. d4 d5 2. c4 c6 3. Nf3 Nf6 4. e3 e6 5. Bd3 Nbd7 6. O-O Bd6 7. Nc3 dxc4 8. Bxc4
b5 9. Bd3 Bb7 10. b3 a6 11. a4 O-O 12. Bb2 h6 13. Rc1 Re8 14. Ne4 Nxe4 15. Bxe4
Qb6 16. Rc2 Bf8 17. Qe2 c5 18. Bxb7 Qxb7 19. Rfc1 Rec8 20. Ba3 b4 21. Bb2 cxd4
22. Bxd4 f6 23. e4 e5 24. Be3 Rxc2 25. Qxc2 Bc5 26. Bxc5 Rc8 27. Qd3 Nxc5 28.
Qc4+ Kh7 29. Ne1 Qb6 30. Nc2 Nxb3 31. Qxc8 Nxc1 32. Qf5+ Kg8 33. Qc8+ Kh7 34.
Qf5+ Kg8 35. Qc8+ Kh7 36. Qf5+ Kg8 37. Qc8+ Kh7 1/2-1/2

[Event "St Louis Spring A"]
[Site "Saint Louis USA"]
[Date "2022.03.08"]
[Round "7.5"]
[White "Hakobyan, Aram"]
[Black "Robson, Ray"]
[Result "1/2-1/2"]
[WhiteTitle "GM"]
[BlackTitle "GM"]
[WhiteElo "2601"]
[BlackElo "2676"]
[WhiteFideId "13306677"]
[BlackFideId "2023970"]
[EventDate "2022.03.02"]

1. e4 e5 2. Nf3 Nc6 3. Bb5 Nf6 4. d3 Bc5 5. c3 d5 6. Nbd2 dxe4 7. dxe4 O-O 8.
O-O a5 9. Qc2 Qe7 10. h3 Rd8 11. a4 Na7 12. Bc4 h6 13. Re1 Nc6 14. Bb5 Na7 15.
Bf1 Nc6 16. Nc4 Nh5 17. Ne3 Nf4 18. Nf5 Qf6 19. g3 Ng6 20. Nd2 Nge7 21. Ne3 Be6
22. Bg2 Qg6 23. Ndf1 Rd7 24. b3 f6 25. Ba3 Bxa3 26. Rxa3 Rad8 27. Nc4 Qh5 28.
Kh2 Kh8 29. Nfe3 Qf7 30. Raa1 Qh5 31. Bf1 Qf7 32. Rad1 Qh5 33. Rxd7 Rxd7 34. h4
Qe8 35. Bh3 Bxh3 36. Kxh3 b6 37. Qe2 Kg8 38. Kg2 Kf8 39. h5 Qa8 40. Rd1 Qd8 41.
Rxd7 Qxd7 42. Qf3 Ke8 43. Nd5 Kd8 44. Nce3 Kc8 45. Qe2 Nxd5 46. Qa6+ Kb8 47.
exd5 Ne7 48. Qb5 Qxb5 49. axb5 Kc8 50. Kf3 Kd7 51. Ke4 Nc8 52. Nf5 Nd6+ 53. Nxd6
cxd6 54. Kf5 Ke7 55. Kg6 Kf8 56. c4 Kg8 57. Kf5 e4 58. Kxe4 1/2-1/2

[Event "St Louis Spring A"]
[Site "Saint Louis USA"]
[Date "2022.03.09"]
[Round "8.1"]
[White "Sevian, Samuel"]
[Black "Robson, Ray"]
[Result "1-0"]
[WhiteTitle "GM"]
[BlackTitle "GM"]
[WhiteElo "2684"]
[BlackElo "2676"]
[WhiteFideId "2040506"]
[BlackFideId "2023970"]
[EventDate "2022.03.02"]

1. c4 e5 2. Nc3 Nf6 3. Nf3 Nc6 4. g3 d5 5. cxd5 Nxd5 6. Bg2 Bc5 7. O-O O-O 8. d3
h6 9. Nxd5 Qxd5 10. Bd2 a5 11. Bc3 Qe6 12. Nd2 a4 13. Nc4 f6 14. Rc1 Rd8 15. Qd2
Qe7 16. Qc2 Ra6 17. Bxc6 bxc6 18. Na5 Bh3 19. Be1 Rb6 20. Qxc5 Qxc5 21. Rxc5
Rxb2 22. Nxc6 Rd7 23. Bc3 Rxe2 24. Nb4 e4 25. Re1 exd3 26. Rxe2 dxe2 27. f3 Rd1+
28. Kf2 Rh1 29. Be1 g5 30. g4 h5 31. Nd5 h4 32. Rxc7 Bf1 33. Nxf6+ Kf8 34. Bb4# 1-0

[Event "St Louis Spring A"]
[Site "Saint Louis USA"]
[Date "2022.03.09"]
[Round "8.2"]
[White "Nyzhnyk, Illya"]
[Black "Hakobyan, Aram"]
[Result "1-0"]
[WhiteTitle "GM"]
[BlackTitle "GM"]
[WhiteElo "2674"]
[BlackElo "2601"]
[WhiteFideId "14118084"]
[BlackFideId "13306677"]
[EventDate "2022.03.02"]

1. Nf3 d5 2. d4 Nf6 3. c4 e6 4. Qc2 Be7 5. g3 O-O 6. Bg2 c5 7. dxc5 Qa5+ 8. Bd2
Qxc5 9. Na3 Nc6 10. cxd5 Qxc2 11. Nxc2 Nxd5 12. O-O-O Bd7 13. Kb1 Rfd8 14. Bg5
Kf8 15. Bxe7+ Kxe7 16. Nfd4 Nxd4 17. Nxd4 Ba4 18. Rc1 Kf6 19. Rc5 Nb6 20. e3 e5
21. Ne2 Rd2 22. Nc3 Bc2+ 23. Kc1 Rxf2 24. Be4 Ba4 25. Bxb7 Rc2+ 26. Kb1 Rxc3 27.
Rxc3 Rd8 28. b3 Bb5 29. Kc2 Be2 30. e4 Rd4 31. a4 Rb4 32. Re1 Bg4 33. Rf1+ Ke7 1-0

[Event "St Louis Spring A"]
[Site "Saint Louis USA"]
[Date "2022.03.09"]
[Round "8.3"]
[White "Niemann, Hans Moke"]
[Black "Swiercz, Dariusz"]
[Result "0-1"]
[WhiteTitle "GM"]
[BlackTitle "GM"]
[WhiteElo "2642"]
[BlackElo "2656"]
[WhiteFideId "2093596"]
[BlackFideId "1126881"]
[EventDate "2022.03.02"]

1. e4 e5 2. Nf3 Nc6 3. Bb5 a6 4. Ba4 Nf6 5. O-O Be7 6. Re1 b5 7. Bb3 O-O 8. h3
Bb7 9. d3 d5 10. exd5 Nxd5 11. Nbd2 f6 12. c3 Kh8 13. Ne4 Qd7 14. Nh4 Rad8 15.
Qh5 Qe8 16. Qg4 Bc8 17. Qf3 Nf4 18. Bxf4 exf4 19. Qxf4 g5 20. Qxc7 gxh4 21. d4
Qd7 22. Qf4 Na5 23. Bd1 Rg8 24. Bf3 Qf5 25. Qxf5 Bxf5 26. Kh1 Nc4 27. b4 Bxe4
28. Rxe4 Bd6 29. Rxh4 Nd2 30. Bc6 Rc8 31. d5 f5 32. Bd7 Rcf8 33. Be6 Rg7 34. f3
Nc4 35. Rd4 Be5 36. Rd3 Rc7 37. Re1 Bg3 38. Rf1 Bd6 39. f4 h5 40. h4 Kh7 41. Kh2
Nb2 42. Rg3 Rg7 43. Rg5 Rxg5 44. hxg5 Na4 45. Rf3 Kg6 46. g3 Re8 47. Re3 Re7 48.
Kh3 Nb6 49. Rd3 Nc4 50. Rd1 Rc7 51. Bg8 Kg7 52. Be6 Kg6 53. Bg8 Ne3 54. Rd3 Ng4
55. Kg2 Rc4 56. Be6 Re4 57. Rd2 Re3 58. Bc8 h4 59. gxh4 Bxf4 60. Rd4 Be5 61. Rd2
Rxc3 62. Bd7 Rg3+ 63. Kf1 Rf3+ 64. Kg2 Rg3+ 65. Kf1 Bd6 66. Be8+ Kg7 67. h5 f4
68. h6+ Kf8 69. Bg6 Nxh6 70. gxh6 Rxg6 71. Rh2 Kg8 72. h7+ Kh8 73. a3 Rg5 74.
Rh6 Rxd5 75. Ke2 Rd4 0-1

[Event "St Louis Spring A"]
[Site "Saint Louis USA"]
[Date "2022.03.09"]
[Round "8.4"]
[White "Lenderman, Aleksandr"]
[Black "Antipov, Mikhail Al."]
[Result "1/2-1/2"]
[WhiteTitle "GM"]
[BlackTitle "GM"]
[WhiteElo "2600"]
[BlackElo "2615"]
[WhiteFideId "2021285"]
[BlackFideId "4107012"]
[EventDate "2022.03.02"]

1. d4 Nf6 2. c4 g6 3. Nf3 Bg7 4. Nc3 d5 5. h3 O-O 6. cxd5 Nxd5 7. e4 Nxc3 8.
bxc3 c5 9. Be2 Nc6 10. Be3 cxd4 11. cxd4 Qa5+ 12. Bd2 Qa3 13. d5 Ne5 14. Rb1 Bd7
15. Nxe5 Bxe5 16. Rxb7 Ba4 17. Qc1 Qxc1+ 18. Bxc1 Rab8 19. Rxb8 Bc3+ 20. Kf1
Rxb8 21. Bd3 Bd1 22. Kg1 Bb2 23. Be3 Rc8 24. Kh2 Bc2 25. Bxc2 Rxc2 26. Rd1 Rc4
27. f3 Ra4 28. Bc5 Be5+ 29. Kg1 Kf8 30. Rd2 h5 31. Kf2 h4 32. Ke3 g5 33. Kd3 Ke8
34. Rc2 Kd7 35. a3 Bd6 36. Rc4 Ra6 37. Bb4 Bxb4 38. axb4 Ra3+ 39. Rc3 Ra4 40. e5
Rxb4 41. Ra3 Rb2 42. Rxa7+ Ke8 43. Ra8+ Kd7 44. Ra7+ Ke8 45. Ke4 Rxg2 46. Ra8+
Kd7 47. Rf8 Re2+ 48. Kf5 Re3 49. e6+ fxe6+ 50. dxe6+ Kd6 51. Kxg5 Kxe6 52. Kxh4
Re1 53. Kh5 Rg1 54. h4 Kd7 55. Rf5 Ke8 56. Kh6 e6 57. Rf4 Rg3 58. h5 Ke7 59. Kh7 1/2-1/2

[Event "St Louis Spring A"]
[Site "Saint Louis USA"]
[Date "2022.03.09"]
[Round "8.5"]
[White "Dragun, Kamil"]
[Black "Xiong, Jeffery"]
[Result "0-1"]
[WhiteTitle "GM"]
[BlackTitle "GM"]
[WhiteElo "2590"]
[BlackElo "2686"]
[WhiteFideId "1134167"]
[BlackFideId "2047640"]
[EventDate "2022.03.02"]

1. c4 e6 2. Nc3 d5 3. d4 Nf6 4. cxd5 exd5 5. Bg5 c6 6. e3 Bd6 7. Bd3 O-O 8. Nge2
Re8 9. Qc2 h6 10. Bh4 a5 11. h3 Na6 12. a3 Nc7 13. g4 Ne6 14. f3 b5 15. e4 dxe4
16. fxe4 Be7 17. Bf2 Bb7 18. e5 Nd7 19. Be4 b4 20. Na4 Qc7 21. h4 c5 22. Rc1 Bc6
23. b3 Qb7 24. Bxc6 Qxc6 25. Rf1 Qd5 26. axb4 cxd4 0-1